000 00567nam a2200193Ia 4500
005 20260114185844.0
008 008 260114s9999 xx 000 0 eng d
020 _a9781472540775
037 _aEBOOK
040 _aCRL
_beng
_cCRL
041 _aeng
_2eng
084 _qCRL
100 _aAideen Hartney
_9875234
245 0 _aJohn Chrysostom and the Transformation of the City
260 _bBloomsbury
_c2004
856 _uhttps://doi.org/10.5040/9781472540775?locatt=label:secondary_bloomsburyCollections
942 _cEBOOK
999 _c1474168
_d1474168